000 00409nam a2200157Ia 4500
003 GCL
008 140319s9999 xx 000 0 eng d
040 _aGCL /
_cGCL
082 0 4 _a745.4
_bS I
100 1 _aSCHOESER, MARY
245 1 0 _aINTERNAYIONAL TEXTILE DESIGN /
_cSCHOESER, MARY
260 _a[S.N] :
_bLAURENCE KING ،
_c1995
650 0 4 _aTEXTILE DESIGN
650 0 4 _aRAW MATERIALS
942 _2ddc
_cBK
999 _c11286
_d11286